|
|
|
|
| LEADER |
00993nam a22002651a 4500 |
| 001 |
000718224 |
| 003 |
CZ BrMZK |
| 005 |
20140925111124.0 |
| 007 |
ta |
| 008 |
040526s1979 xr a e cze |
| 015 |
|
|
|a cnb000121495
|
| 035 |
|
|
|a (OCoLC)40080428
|
| 040 |
|
|
|a BOA001
|b cze
|c BOA001
|
| 100 |
1 |
|
|a Jelen, Josef,
|d 1921-2006
|7 jn19990009867
|4 aut
|
| 245 |
1 |
0 |
|a Šípková Růženka /
|c Josef Jelen ; il. Ota Janeček
|
| 250 |
|
|
|a 1. vyd.
|
| 260 |
|
|
|a Praha :
|b Albatros,
|c 1979
|
| 300 |
|
|
|a 61 s.
|
| 521 |
1 |
|
|a Pro děti od 5 let
|
| 700 |
1 |
|
|a Janeček, Ota,
|d 1919-1996
|7 jk01050921
|4 ill
|
| 856 |
4 |
1 |
|u http://www.digitalniknihovna.cz/mzk/uuid/uuid:eb5b7550-47c0-11e4-8113-005056827e52
|y Digitalizovaný dokument
|x NDK
|
| 910 |
|
|
|a BOA001
|b PK-N-0020.794
|b 4-0815.771
|
| 990 |
|
|
|a BK
|
| 996 |
7 |
|
|b 2619029814
|c 4-0815.771
|l MZK
|r Sklad / do 1 hodiny
|n 0
|w 000718224
|u 000020
|a 1
|e BOA001
|j MZK50
|s A
|
| 996 |
6 |
|
|b BC-148096
|c PK-N-0020.794
|l MZK
|r Sklad / do 1 hodiny
|n 0
|w 000718224
|u 000010
|a 1
|e BOA001
|j MZK50
|s P
|